guilty conscience - Tate McRae - Statistics

General Stats
  • This quiz has been taken 30 times
  • The average score is 293 of 364
Answer Stats
% Correct
a
100%
conscience
100%
conscience)
100%
guilty
100%
I
100%
"I
100%
li
100%
Li
100%
with
100%
(With
100%
With
100%
you
100%
you,
100%
"Don't
95%
don't
95%
I'll
95%
I'll,
95%
live
95%
live),
95%
(No)
95%
want
95%
'cause
90%
'Cause
90%
in
90%
Is
90%
me
90%
(Me
90%
the
90%
be
85%
crazy
85%
now
85%
that
85%
that)
85%
to"
85%
to
85%
Yeah,
85%
yeah,
85%
yeah
85%
(Yeah)
85%
darlin'
80%
mess
80%
my
80%
need
80%
wrong?
80%
wrong
80%
you're
80%
and
75%
"I'm
75%
it
75%
It
75%
Lot
75%
Lotta
75%
lotta
75%
Lotta,
75%
Lovin'
75%
regret
75%
started
75%
back
70%
batshit
70%
callin'
70%
cops
70%
deep
70%
even
70%
messed
70%
morals
70%
of
70%
'til
70%
up
70%
Waist
70%
wantin'
70%
all
65%
All
65%
best
65%
just
65%
on
65%
pictures
65%
babe"
60%
checked
60%
dumb
60%
faze
60%
friends
60%
got
60%
hotel
60%
If
60%
letdowns
60%
like
60%
(Like
60%
nights,
60%
receivin'
60%
rooms
60%
say,
60%
shot,
60%
weekends"
60%
what
60%
who
60%
bet
55%
care
55%
lately
55%
reckless
55%
seein'
55%
stop
55%
that's
55%
that’s
55%
trust
55%
was
55%
but
50%
But
50%
criminal
50%
from
50%
good
50%
Guess
50%
(Guess
50%
guess
50%
Hidin'
50%
hurt
50%
Kinda
50%
life,
50%
runnin'
50%
tell
50%
blue
45%
didn't
45%
gonna
45%
hijacked
45%
(Hijacked)
45%
one
45%
rearview
45%
red
45%
shit,
45%
uh
45%
(Uh
45%
uh)
45%
(Uh),
45%
Uh
45%
words
45%
cheek
40%
guessin'
40%
Had
40%
second
40%
cryptic
35%
turn
35%
(You'll
30%
always
25%
gives)
25%
reckless
15%
(Na
10%
na)
10%
No matching quizzes found
Score Distribution
Percent of People with Each Score
Percentile by Number Answered
Your Score History
You have not taken this quiz